000 00622cam a2200169 i 4500
005 20251214120616.0
008 250721s1988 ua gr 000 0 ara d
082 1 4 _a217,1
_bت ي م
100 1 _aإبن تيمية، تقي الدين أبو العباس أحمد بن عبد الحليم بن عبد
_eمؤلف.
245 1 0 _aرفع الملام عن الأئمة الأعلام /
264 3 1 _aالقاهرة :
_bمكتبة التراث الإسلامي،
_c1988.
300 _a97صفحة.
650 1 7 _aالإسلام.
650 1 7 _aالمذاهب الإسلامية.
942 _2ddc
_cBK
999 _c3437
_d3437